Estudio de prefactibilidad del proyecto de construcción del sistema de alcantarillado sanitario en Barrio 28 de Mayo, en el distrito V de la Ciudad de Managua

Presenta un estudio de pre factibilidad del proyecto de construcción del sistema de alcantarillado sanitario en Barrio 28 de Mayo, en el distrito V de la Ciudad de Managua. Realiza la evaluación financiera con sus indicadores financieros y socio económico con sus indicadores económicos.

Bibliographic Details
Main Authors: Montes Pérez, Alfredo, Hernández Cruz, Francisco
Other Authors: Tutor: Gutiérrez Mendoza, Carlos Antonio
Format: Tesis Section = Libro
Language:Undetermined
Spanish
Published: Managua UNI 2011
Subjects:
LEADER 01192nam a2200265Ia 4500
008 240830s9999 xx 000 0 und d
040 |a BIBLIOTECA-RUPAP T.Mon 628.2 M779 
041 |a spa 
082 |a T.Mon 628.2 M779 
100 1 |a Montes Pérez, Alfredo 
100 1 |b Hernández Cruz, Francisco 
245 1 0 |a Estudio de prefactibilidad del proyecto de construcción del sistema de alcantarillado sanitario en Barrio 28 de Mayo, en el distrito V de la Ciudad de Managua 
260 |a Managua  |b UNI  |c 2011 
300 |a 79 p. :il. 
500 |a Contiene: anexos. 
502 |a Tesis (Ingeniero Civil)- UNI, 2011. 
520 3 |a Presenta un estudio de pre factibilidad del proyecto de construcción del sistema de alcantarillado sanitario en Barrio 28 de Mayo, en el distrito V de la Ciudad de Managua. Realiza la evaluación financiera con sus indicadores financieros y socio económico con sus indicadores económicos. 
650 7 |a ALCANTARILLADO SANITARIO 
650 7 |b ESTUDIO DE FACTIBILIDAD 
650 7 |c SISTEMAS DE ALCANTARILLADO 
650 7 |d INGENIERIA SANITARIA 
700 1 |a Tutor:  |b Gutiérrez Mendoza, Carlos Antonio 
942 |c BK  |2 ddc 
991 |a TESIS 
999 |c 18450